Philosophy, science, and method.

সংরক্ষণ করুন:
গ্রন্থ-পঞ্জীর বিবরন
প্রধান লেখক: Morgenbesser, Sidney
বিন্যাস: গ্রন্থ
ভাষা:Undetermined
প্রকাশিত: New York St.Martin's Press 1965
বিষয়গুলি:
ট্যাগগুলো: ট্যাগ যুক্ত করুন
কোনো ট্যাগ নেই, প্রথমজন হিসাবে ট্যাগ করুন!
Thư viện lưu trữ: Trung tâm Học liệu Trường Đại học Cần Thơ
LEADER 00508nam a2200193Ia 4500
001 CTU_81490
008 210402s9999 xx 000 0 und d
082 |a 501 
082 |b M851 
100 |a Morgenbesser, Sidney 
245 0 |a Philosophy, science, and method. 
245 0 |c Sidney Morgenbesser 
260 |a New York 
260 |b St.Martin's Press 
260 |c 1965 
650 |a Science 
650 |x Philosophy 
904 |i Trọng Hải 
980 |a Trung tâm Học liệu Trường Đại học Cần Thơ